Κυπριακή δημοκρατία 50 χρόνια : επώδυνη πορεία
Saved in:
| Other Authors: | |
|---|---|
| Format: | Book |
| Language: | Greek |
| Published: |
Αθήνα :
Παπαζήσης,
2010.
|
| Series: | Διεθνής και ευρωπαϊκή πολιτική (Παπαζήσης)
|
| Subjects: | |
| Tags: |
Add Tag
No Tags, Be the first to tag this record!
|
MARC
| LEADER | 00000cam a2200000 i 4500 | ||
|---|---|---|---|
| 001 | 1/11780 | ||
| 008 | 110202s2010 gr | ||| |||| ||gre|| | ||
| 020 | |a 9789600224474 | ||
| 035 | |l 10109538 | ||
| 040 | |a GR-MY-UA |b gre |e aacr | ||
| 041 | 0 | |a gre | |
| 082 | 7 | |a 956.93 |2 (22) | |
| 245 | 0 | 0 | |a Κυπριακή δημοκρατία 50 χρόνια : |b επώδυνη πορεία / |c επιμέλεια, εισαγωγή: Χρυσόστομος Περικλέους. |
| 260 | |a Αθήνα : |b Παπαζήσης, |c 2010. | ||
| 300 | |a 789 σ. ; |c 21 εκ. | ||
| 490 | 1 | |a (Διεθνής και ευρωπαϊκή πολιτική / Παπαζήσης) | |
| 651 | 0 | |a Cyprus |x Politics and government |y 20th century. | |
| 651 | 0 | |a Cyprus |x Social conditions. | |
| 651 | 0 | |a Cyprus |x Economic conditions |y 20th century. | |
| 700 | 0 | |a Περικλέους, Χρυσόστομος, |e edt |e aui | |
| 830 | 0 | |a Διεθνής και ευρωπαϊκή πολιτική (Παπαζήσης) | |
| 852 | |a INST |b RHODES |e 20110202 |h 956.93 ΚΥΠ |p 005400032973 |q 005400032973 |t BK |y 0 | ||
| 852 | |a INST |b RHODES |e 20130220 |h 956.93 ΚΥΠ |p 005400034922 |q 005400034922 |t BK |y 0 | ||
| 901 | |a BIBL4-2010-2 | ||
| 901 | |a BIBL4-2013-1 | ||
| 909 | |a Ρ |b 163443 | ||
| 909 | |a Ρ |b 176456 | ||
| 970 | |z 2010/05/ | ||